| 000 | 00612nam a2200169 i 4500 | ||
|---|---|---|---|
| 001 | 51089 | ||
| 003 | ES-MaACL | ||
| 005 | 20230906162309.0 | ||
| 007 | t| | ||
| 008 | 030808s1948 sp ||||1| spa d | ||
| 100 | 1 |
_aChao Espina, Enrique. _937996 |
|
| 245 | 1 | 0 |
_aDos vivarienses del siglo pasado _b: Luis Trelles y Vincente Cociña / _cpor Enrique Chao Espina ; prólogo de Julio Francisco Ogando Vázquez. |
| 260 |
_aVivero (Lugo) : _b[s.n.], _c1948 ( _fGráf. A. Santiago) |
||
| 300 |
_a41 p., 6 lám. ; _c21 cm. |
||
| 700 | 1 |
_aOgando Vázquez, Julio Francisco. _986562 |
|
| 852 |
_aES-MaACL _j2093-F-6 _bR.95465 |
||
| 999 |
_c51089 _d51089 |
||